| 000 | 00526cam a2200193ua 4500 | ||
|---|---|---|---|
| 020 | _a92-5-10279-7 | ||
| 041 |
_aeng _h |
||
| 082 |
_a631.5874 _bDOO/GU |
||
| 100 | _aDoorenbos, J . | ||
| 245 |
_aGuidelines for predicting crop water requirements / _cJ Doorenbos. _hTextual Documents |
||
| 250 |
_a1 / _b. |
||
| 260 |
_aRome : _bFood and Agriculture organization of United States , _c1992. |
||
| 300 | _a144 ; . | ||
| 504 | _a | ||
| 700 | 1 | _aPruitt, W O . | |
| 942 | _cBK | ||
| 999 |
_c8521 _d8521 |
||